000 01037cam a2200277 a 4500
999 _c7397
_d7397
001 608840
003 ARRUPE
005 20170607121732.0
008 930630s1991 gh b 001 0 eng
010 _a 91211238
020 _a9964721072
040 _aDLC
_cDLC
_dDLC
043 _af-gh---
050 0 0 _aDT512.3.N57
_bL54 1991
245 0 4 _aThe Life and work of Kwame Nkrumah :
_bpapers of a symposium organized by the Institute of African Studies, University of Ghana, Legon /
_cedited by Kwame Arhin.
260 _aAccra :
_bSedco,
_c1991.
300 _axiv, 377 p. ;
_c24 cm.
504 _aIncludes bibliographical references (p. 352-368) and index.
600 1 0 _aNkrumah, Kwame,
_d1909-1972.
_932235
650 0 _aPresidents
_zGhana
_xBiography.
_932229
651 0 _aGhana
_xPolitics and government
_y1957-1979.
_923604
700 1 _aArhin, Kwame.
_932233
710 2 _aUniversity of Ghana.
_bInstitute of African Studies.
_932234
906 _a7
_bcbc
_corignew
_d3
_encip
_f19
_gy-gencatlg
942 _2lcc
_cMONOGRAPH